Name the Kalos Pokémon in Order - Statistics

General Stats
  • This quiz has been taken 146 times
  • The average score is 60 of 72
Answer Stats
Hint Answer % Correct
#654 Braixen
100%
#652 Chesnaught
100%
#650 Chespin
100%
#655 Delphox
100%
#653 Fennekin
100%
#656 Froakie
100%
#658 Greninja
100%
#651 Quilladin
100%
#662 Fletchinder
98%
#661 Fletchling
98%
#657 Frogadier
98%
#663 Talonflame
98%
#659 Bunnelby
96%
#660 Diggersby
96%
#664 Scatterbug
91%
#665 Spewpa
91%
#666 Vivillon
91%
#671 Florges
87%
#667 Litleo
87%
#668 Pyroar
87%
#669 Flabébé
84%
#670 Floette
84%
#673 Gogoat
84%
#720 Hoopa
84%
#672 Skiddo
84%
#716 Xerneas
84%
#717 Yveltal
84%
#718 Zygarde
84%
#714 Noibat
82%
#721 Volcanion
82%
#681 Aegislash
80%
#683 Aromatisse
80%
#719 Diancie
80%
#680 Doublade
80%
#677 Espurr
80%
#676 Furfrou
80%
#679 Honedge
80%
#678 Meowstic
80%
#715 Noivern
80%
#674 Pancham
80%
#675 Pangoro
80%
#685 Slurpuff
80%
#682 Spritzee
80%
#684 Swirlix
80%
#698 Amaura
78%
#713 Avalugg
78%
#712 Bergmite
78%
#688 Binacle
78%
#692 Clauncher
78%
#693 Clawitzer
78%
#691 Dragalge
78%
#686 Inkay
78%
#687 Malamar
78%
#690 Skrelp
78%
#697 Tyrantrum
78%
#696 Tyrunt
78%
#699 Aurorus
76%
#689 Barbaracle
76%
#703 Carbink
76%
#711 Gourgeist
76%
#707 Klefki
76%
#708 Phantump
76%
#710 Pumpkaboo
76%
#700 Sylveon
76%
#709 Trevenant
76%
#702 Dedenne
73%
#706 Goodra
73%
#704 Goomy
73%
#701 Hawlucha
73%
#705 Sliggoo
73%
#695 Heliolisk
71%
#694 Helioptile
71%
No matching quizzes found
Score Distribution
Percent of People with Each Score
Percentile by Number Answered
Your Score History
You have not taken this quiz